000 00315nam a22001337a 4500
008 180730b xxu||||| |||| 00| 0 eng d
082 _a813.52
245 _aStructure and function of the human body
_cCohen, B.J
260 _c2005
300 _a1
_fCD
440 _x18006383030
760 _b8th
942 _2ddc
_cMX
999 _c46668
_d46668